| 000 | 00622nam a2200229 a 4500 | ||
|---|---|---|---|
| 999 |
_c6139 _d6139 |
||
| 001 | 6139 | ||
| 003 | BD-JhCC | ||
| 005 | 20180114122830.0 | ||
| 008 | 180114s19651966nr |||| || | 00| 0 eng d | ||
| 035 | _a(BD-JhCC)6139 | ||
| 040 |
_aBD-JhCC _dBD-JhCC |
||
| 041 | _aeng | ||
| 082 |
_a418.0071 _bCAI 1966 |
||
| 100 | _aCairns, John | ||
| 245 |
_aDrills and Practice in English Language / _c John Cairns & John Munonye |
||
| 250 | _a2nd ed. | ||
| 260 |
_aLagos : _bAfrican University Press, _c1966 |
||
| 300 |
_a54 p. : _c24 cm. |
||
| 650 |
_aEnglish Language _vTeaching and Practice |
||
| 942 |
_2ddc _cBK |
||